000 00303nam a2200121Ia 4500
008 240731s9999 xx 000 0 und d
022 _a1521-0529
245 0 _aGeomicrobiology Journal
260 _bTaylor & Francis
856 _uhttps://www.tandfonline.com/loi/ugmb20
942 _2ddc
942 _cTFEJ
999 _c76724
_d76724
945 _a1
_bMadushi Gamage
_c1
_dMadushi Gamage